000
00331nam a2200145Ia 4500
008
150201s2011 xx 000 0 und d
082
_a
610.73
_b
F11P
100
_a
POTTER , P.A.
245
_a
FUNDAMENTAL OF NURSING
250
_a
7TH
260
_b
ELSEVIER
_a
INDIA
_c
2011
300
_a
1476
650
_a
NURSING
942
_2
ddc
_c
BK
999
_c
2013
_d
2013